00705nam a22002057a 4500003001100000005001700011008004100028020001700069040003900086041000800125082001500133100002300148245001500171260005700186300001100243500001600254520019800270650001100468650002000479LK-CoMWRAF20240229115113.0240228b1983 |||||||| |||| 00| 0 eng d a 0933546092  aLK-CoMWRAFdLK-CoMWRAFeLK-CoMWRAF aeng a297.4bNUR aNurbakhsh, Javad  aSufi women aNew York:bKhaniqahi Nimatullahi Publications,c1983 a201 p. aA photocopy aSUFI WOMEN addresses the question of the spiritual attainment of women in Islam. It presents the biographies and anecdotes of over one hundred women followers and guides of various Sufi orders. aSUFISM aWomen in Sufism